000 00945nmc a2200349 a 4500
003 AR-BaBNM
005 20251128204519.0
008 275019s1983 ||||||||||||||000 | spa||
020 _a950-14-0122-7
040 _cAR-BaBNM
100 1 _aSánchez Galindo, Antonio
245 1 0 _aEl derecho a la readaptación social
260 _aBuenos Aires
_bDepalma
_c1983
300 0 _a153 p.
490 0 _aEstudios penitenciarios
_vv. 1
500 0 _aContiene referencias bibliográficas
650 4 _aADAPTACION SOCIAL
650 4 _aINTEGRACION SOCIAL
650 4 _aREHABILITACION
650 4 _aDERECHO PENAL
650 4 _aDERECHOS HUMANOS
650 4 _aPRISIONES
650 4 _aPRISIONEROS
650 4 _aTRABAJO SOCIAL
650 4 _aMARGINALIDAD SOCIAL
651 4 _aMéxico
653 0 _aCAPACITACION LABORAL
700 1 _aMarchiori, Hilda
_eprologuista
800 1 _aNeuman, Elías
_edirector
942 _cBK
998 _cMarce
999 _c7727
_d7727